The real world of the small buiness owner (Record no. 55712)

MARC details
000 -LEADER
fixed length control field 00685nam a2200181 a 4500
008 - FIXED-LENGTH DATA ELEMENTS--GENERAL INFORMATION
fixed length control field 160803s1980 ||||||||||||||||| || u
020 ## - INTERNATIONAL STANDARD BOOK NUMBER
International Standard Book Number 9781138829435
050 ## - LIBRARY OF CONGRESS CALL NUMBER
Classification number HD 2346.G7 Sca
100 ## - MAIN ENTRY--PERSONAL NAME
Personal name Scase, Richard
245 14 - TITLE STATEMENT
Title The real world of the small buiness owner
Statement of responsibility, etc. By Richard Scase [and] Robert Goffee
260 ## - PUBLICATION, DISTRIBUTION, ETC.
Place of publication, distribution, etc. London
Name of publisher, distributor, etc. Croom Helm
Date of publication, distribution, etc. 1980
300 ## - PHYSICAL DESCRIPTION
Extent 166p.: ill.
350 ## - PRICE (NR) (BK AM CF MU VM SE) [OBSOLETE]
Price 140.00
650 ## - SUBJECT ADDED ENTRY--TOPICAL TERM
Topical term or geographic name entry element SMALL BUSINESS--GREAT BRITAIN
650 ## - SUBJECT ADDED ENTRY--TOPICAL TERM
Topical term or geographic name entry element BUSINESS PEOPLE--GREAT BRITAIN
700 ## - ADDED ENTRY--PERSONAL NAME
Personal name Goffee, Robert
995 ## - RECOMMENDATION 995 [LOCAL, UNIMARC FRANCE]
-- CBU-MAIN LIBRARY (Kitwe)
-- 140.00
-- 1
-- AVAILABLE
-- Aug 16, 2016
-- Main Library Open Access Collection
Holdings
Withdrawn status Lost status Source of classification or shelving scheme Damaged status Not for loan Home library Current library Shelving location Date acquired Total Checkouts Full call number Barcode Date last seen Price effective from Koha item type
          CBU-MAIN LIBRARY, KITWE. CBU-MAIN LIBRARY, KITWE.   11/30/2022   HD 2346.G7 Sca 746358 11/30/2022 11/30/2022 MONOGRAPH